Tài liệu luyện thi môn ngữ pháp tiếng Thái, sơ cấp 3

Bewaard in:
Bibliografische gegevens
Formaat: Boek
Tags: Voeg label toe
Geen labels, Wees de eerste die dit record labelt!
Thư viện lưu trữ: Mạng thư viện Đại học Đà Nẵng
LEADER 00448nam a22001691a 4500
001 000036683
003 12978
005 20160412012708.0
008 160412s0 000
082 |a 4T(07)73 
245 |a Tài liệu luyện thi môn ngữ pháp tiếng Thái, sơ cấp 3  |c Nathiyaa 
OWN |a LNN 
999 |a From the UDN01 
TYP |a Monograph 
980 |a Mạng thư viện Đại học Đà Nẵng